<?xml version="1.0" encoding="UTF-8"?>
<record
    xmlns:xsi="http://www.w3.org/2001/XMLSchema-instance"
    xsi:schemaLocation="http://www.loc.gov/MARC21/slim http://www.loc.gov/standards/marcxml/schema/MARC21slim.xsd"
    xmlns="http://www.loc.gov/MARC21/slim">

  <leader>02381nam a2200397 i 4500</leader>
  <controlfield tag="001">193596</controlfield>
  <controlfield tag="003">ES-MaACL</controlfield>
  <controlfield tag="005">20250711063121.0</controlfield>
  <controlfield tag="007">ta</controlfield>
  <controlfield tag="008">220602s2022    spc||||  |||| 0|1 0dspa|</controlfield>
  <datafield tag="017" ind1=" " ind2=" ">
    <subfield code="a">B 40-2022 </subfield>
    <subfield code="b">Oficina Dep&#xF3;sito Legal Barcelona</subfield>
  </datafield>
  <datafield tag="020" ind1=" " ind2=" ">
    <subfield code="a">9788413611310</subfield>
  </datafield>
  <datafield tag="040" ind1=" " ind2=" ">
    <subfield code="a">ES-BaBC </subfield>
    <subfield code="b">spa</subfield>
    <subfield code="e">rda </subfield>
    <subfield code="c">ES-BaBC</subfield>
  </datafield>
  <datafield tag="080" ind1=" " ind2=" ">
    <subfield code="a">1 Ortega y Gasset, Jos&#xE9; 2.07</subfield>
  </datafield>
  <datafield tag="100" ind1="1" ind2=" ">
    <subfield code="a">Zamora Bonilla, Javier</subfield>
    <subfield code="9">117939</subfield>
    <subfield code="e">aut</subfield>
  </datafield>
  <datafield tag="245" ind1="1" ind2="0">
    <subfield code="a">Ortega y Gasset : </subfield>
    <subfield code="b">la aventura de la verdad / </subfield>
    <subfield code="c">Javier Zamora Bonilla ; pr&#xF3;logo de Antonio Garrigues Walker</subfield>
  </datafield>
  <datafield tag="264" ind1=" " ind2="1">
    <subfield code="a">[Barcelona] : </subfield>
    <subfield code="b">Shackleton Books, </subfield>
    <subfield code="c">[2022]</subfield>
  </datafield>
  <datafield tag="300" ind1=" " ind2=" ">
    <subfield code="a">192 p&#xE1;ginas : </subfield>
    <subfield code="b">ilustraciones (blanco y negro) ;</subfield>
    <subfield code="c">21 cm</subfield>
  </datafield>
  <datafield tag="336" ind1=" " ind2=" ">
    <subfield code="a">Texto </subfield>
    <subfield code="b">txt </subfield>
    <subfield code="2">rdacontent</subfield>
  </datafield>
  <datafield tag="337" ind1=" " ind2=" ">
    <subfield code="a">sin mediaci&#xF3;n </subfield>
    <subfield code="b">n </subfield>
    <subfield code="2">rdamedia</subfield>
  </datafield>
  <datafield tag="338" ind1=" " ind2=" ">
    <subfield code="a">volumen </subfield>
    <subfield code="b">nc </subfield>
    <subfield code="2">rdacarrier</subfield>
  </datafield>
  <datafield tag="500" ind1=" " ind2=" ">
    <subfield code="a">&#xCD;ndice</subfield>
  </datafield>
  <datafield tag="500" ind1=" " ind2=" ">
    <subfield code="a">Cronolog&#xED;a</subfield>
  </datafield>
  <datafield tag="504" ind1=" " ind2=" ">
    <subfield code="a">Bibliograf&#xED;a: p&#xE1;ginas 169-184</subfield>
  </datafield>
  <datafield tag="520" ind1=" " ind2=" ">
    <subfield code="a">Una excepcional introducci&#xF3;n a la vida y la obra de Ortega y Gasset de la mano del principal especialista en el pensamiento del fil&#xF3;sofo espa&#xF1;ol.

Jos&#xE9; Ortega y Gasset (1883-1955) es la figura m&#xE1;s importante del pensamiento espa&#xF1;ol del siglo xx. En este nuevo libro, Javier Zamora Bonilla presenta una s&#xED;ntesis de muchos a&#xF1;os de investigaci&#xF3;n sobre la biograf&#xED;a y la obra del fil&#xF3;sofo, entrelazando ambas en el contexto hist&#xF3;rico donde se desarrollaron.

Al hilo de la biograf&#xED;a de Ortega y Gasset, se expone su filosof&#xED;a de la raz&#xF3;n vital e hist&#xF3;rica y su pensamiento pol&#xED;tico, as&#xED; como la actuaci&#xF3;n p&#xFA;blica del intelectual que puso los fundamentos de la filosof&#xED;a contempor&#xE1;nea en Espa&#xF1;a con una obra fecunda en ideas innovadoras.</subfield>
  </datafield>
  <datafield tag="600" ind1="1" ind2="4">
    <subfield code="a">Ortega y Gasset, Jos&#xE9;,</subfield>
    <subfield code="d">1883-1955-</subfield>
    <subfield code="x">Cr&#xED;tica e interpretaci&#xF3;n</subfield>
    <subfield code="9">87505</subfield>
  </datafield>
  <datafield tag="700" ind1="1" ind2=" ">
    <subfield code="a">Garrigues Walker, Antonio,</subfield>
    <subfield code="d">1934-</subfield>
    <subfield code="9">55772</subfield>
    <subfield code="e">aui</subfield>
  </datafield>
  <datafield tag="852" ind1=" " ind2=" ">
    <subfield code="a">ES-MaACL</subfield>
    <subfield code="c">DEPOJ</subfield>
    <subfield code="j">N-9602</subfield>
    <subfield code="g">Dedicatoria aut&#xF3;grafa del autor </subfield>
    <subfield code="h">Donaci&#xF3;n: Javier Zamora Bonilla</subfield>
    <subfield code="b">R. 154480</subfield>
    <subfield code="9">201058</subfield>
    <subfield code="x">Encuadernaci&#xF3;n r&#xFA;stica con solapas</subfield>
  </datafield>
  <datafield tag="903" ind1=" " ind2=" ">
    <subfield code="9">117939</subfield>
    <subfield code="a">Zamora Bonilla, Javier</subfield>
    <subfield code="e">dnr</subfield>
  </datafield>
  <datafield tag="942" ind1=" " ind2=" ">
    <subfield code="n">0</subfield>
    <subfield code="c">MONOGRAFIA</subfield>
  </datafield>
  <datafield tag="999" ind1=" " ind2=" ">
    <subfield code="c">193596</subfield>
    <subfield code="d">193596</subfield>
  </datafield>
  <datafield tag="952" ind1=" " ind2=" ">
    <subfield code="0">0</subfield>
    <subfield code="1">0</subfield>
    <subfield code="2">udc</subfield>
    <subfield code="4">0</subfield>
    <subfield code="7">0</subfield>
    <subfield code="8">Librosdedicados</subfield>
    <subfield code="a">ATENEOM</subfield>
    <subfield code="b">ATENEOM</subfield>
    <subfield code="c">DEPOJ</subfield>
    <subfield code="d">2024-01-17</subfield>
    <subfield code="e">DONACION</subfield>
    <subfield code="l">0</subfield>
    <subfield code="o">N-9602</subfield>
    <subfield code="p">101206336</subfield>
    <subfield code="r">2024-01-17 00:00:00</subfield>
    <subfield code="y">MONOGRAFIA</subfield>
    <subfield code="z">Dedicatoria aut&#xF3;grafa del autor</subfield>
  </datafield>
</record>
